Toán lôgic và kỹ thuật số

Gardado en:
Detalles Bibliográficos
Autor Principal: Nguyễn, Nam Quân
Formato: Libro
Idioma:Undetermined
Publicado: Hà Nội Khoa học và Kỹ thuật 2006
Những chủ đề:
Các nhãn: Engadir etiqueta
Sen Etiquetas, Sexa o primeiro en etiquetar este rexistro!
Thư viện lưu trữ: Trung tâm Học liệu Trường Đại học Cần Thơ
LEADER 00647nam a2200205Ia 4500
001 CTU_106319
008 210402s9999 xx 000 0 und d
020 |c 62000 
082 |a 621.395 
082 |b Qu121 
100 |a Nguyễn, Nam Quân 
245 0 |a Toán lôgic và kỹ thuật số 
245 0 |c Nguyễn Nam Quân 
260 |a Hà Nội 
260 |b Khoa học và Kỹ thuật 
260 |c 2006 
650 |a Programmable logic devices,Programmable array logic,Logic design 
650 |x Design and construction 
904 |i Năm (Nguyên sửa) 
980 |a Trung tâm Học liệu Trường Đại học Cần Thơ